<The> Practice of diplomacy its evolution, theory and administration

Gespeichert in:
Bibliographische Detailangaben
1. Verfasser: Hamilton, Keith
Weitere Verfasser: Langhorne, Richard
Format: Buch
Sprache:Englisch
Veröffentlicht: London Routledge 1998
Schlagworte:
Tags: Tag hinzufügen
Keine Tags, Fügen Sie das erste Tag hinzu!

MARC

LEADER 00000nam a2200000 4500
001 c115440
005 20221221083244.3
020 |a 0-415-10475-0 
041 0 |a eng 
044 |a GB 
245 1 0 |a <The> Practice of diplomacy  |b its evolution, theory and administration  |c Keith Hamilton and Richard Langhorne 
264 1 |a London  |b Routledge  |c 1998 
300 |a 279 s. 
610 2 0 |a diplomacia 
610 2 0 |a vývoj 
610 2 0 |a teória a prax 
610 2 0 |a politika zahraničná 
610 2 0 |a vzťahy politické medzinárodné 
610 2 0 |a politika medzinárodná 
610 2 0 |a história 
100 1 |a Hamilton, Keith 
700 1 |a Langhorne, Richard